000 01560nam a2200313 i 4500
003 EG-GICUC
005 20260121101522.0
008 251218s1980 ua ||||fr|||| 000 0 ara d
017 _a1979/3599
040 _a EG-GICUC
_bara
_c EG-GICUC
_d EG-GICUC
_erda
041 _aara
082 0 4 _221
_a343.3
_bر ء . م
092 0 4 _221
099 _aLaw1 10 343.3 ر ء . م 3 ed - 1980
100 0 _aرؤوف عبيد.
_eمؤلف.
245 1 2 _aالمشكلات العلمية الهامة في الإجراءات الجنائية.
_nالجزء الثاني,
_pدراسات موسعة في : نظرية المصلحة في الطعن الجنائي . الطعن في الحكم باعتبار المعارضة كان لم تكن . الصلة بين جواز الاستئناف وجواز النقض . الطعن في أوامر الاحالة والأوامر بالاوجه لاقامة الدع /
_cالدكتور رؤوف عبيد.
250 _aالطبعة الثانية
_bمزيدة و منقحة في ضوء آخر التعديلات و أحدث الأحكام
264 1 _aالقاهرة :
_bدار الفكر العربي,
_c1980.
300 _a661 صفحة ؛
_c24 سم
336 _2rda content
_atext
337 _2rda media
_aComputer
338 _2rda carrier
_aOnline Resource
546 _aالنص باللغة العربية
650 1 4 _a قانون الإجراءات الجنائية
_2qrmak
651 1 _2qrmak
856 4 0 _uhttps://fll.law.cu.edu.eg/fulltext/bks/B10-05734.pdf
905 _a79
_eHassnaa
942 _2ddc
_cBK
_e21
_n0
999 _c51536
_d51536